[Event "Udaipur Lakecity rapid op 1st"]
[Site "Udaipur"]
[Date "2019.09.15"]
[Round "9"]
[White "Sahoo, Utkal Ranjan"]
[Black "Samarth, Mittal"]
[Result "1-0"]
[WhiteElo "2329"]
[BlackElo "1624"]
[PlyCount "53"]
[EventDate "2019.09.14"]
[EventType "swiss (rapid)"]
[EventRounds "9"]
[EventCountry "IND"]
[SourceTitle "EXT 2020"]
[Source "ChessBase"]
[SourceDate "2019.10.17"]
[SourceVersion "1"]
[SourceVersionDate "2019.10.17"]
[SourceQuality "1"]

1. d4 Nf6 2. Bg5 e6 3. e4 Be7 4. e5 Nd5 5. Bxe7 Nxe7 6. Bd3 d6 7. Qg4 g6 8. Nc3 d5 9. h4 h5 10. Qf4 b6 11. Nf3 Ba6 12. Ng5 Nf5 13. Bxf5 gxf5 14. f3 Qe7 15. g4 fxg4 16. fxg4 Nc6 17. 0-0-0 hxg4 18. Rdg1 Rf8 19. Nh7 Rh8 20. Nf6+ Kd8 21. Qxg4 Bc4 22. h5 Nb4 23. a3 Na2+ 24. Nxa2 Bxa2 25. Qg8+ Qf8 26. Qxf8+ Rxf8 27. b3 1-0

[Event "Udaipur Lakecity rapid op 1st"]
[Site "Udaipur"]
[Date "2019.09.15"]
[Round "8"]
[White "Samarth, Mittal"]
[Black "Ziatdinov, Raset"]
[Result "1/2-1/2"]
[WhiteElo "1624"]
[BlackElo "2222"]
[PlyCount "70"]
[EventDate "2019.09.14"]
[EventType "swiss (rapid)"]
[EventRounds "9"]
[EventCountry "IND"]
[SourceTitle "EXT 2020"]
[Source "ChessBase"]
[SourceDate "2019.10.17"]
[SourceVersion "1"]
[SourceVersionDate "2019.10.17"]
[SourceQuality "1"]

1. e4 e5 2. Nc3 Nf6 3. g3 d5 4. exd5 Nxd5 5. Bg2 Nxc3 6. bxc3 Bd6 7. Nf3 0-0 8. 0-0 Nc6 9. Re1 Bg4 10. h3 Bh5 11. d3 f5 12. Qd2 Kh8 13. Qg5 Qe8 14. g4 fxg4 15. hxg4 Bf7 16. Qh4 Bg8 17. Ng5 Be7 18. Qg3 Bxg5 19. Bxg5 Qg6 20. Be3 Be6 21. g5 Rad8 22. Rab1 Bd5 23. Rxb7 Bxg2 24. Qxg2 Ne7 25. Bc5 Rf7 26. Rxc7 Nf5 27. Rxf7 Qxf7 28. Rxe5 Nh4 29. Re7 Qf5 30. Qe4 Qxg5+ 31. Kf1 Rg8 32. Bd4 Nf5 33. Re5 Qc1+ 34. Kg2 Qg5+ 35. Kf1 Qc1+ 1/2-1/2

[Event "Udaipur Lakecity rapid op 1st"]
[Site "Udaipur"]
[Date "2019.09.14"]
[Round "5"]
[White "Ravi, Teja Sanka"]
[Black "Samarth, Mittal"]
[Result "1-0"]
[WhiteElo "2455"]
[BlackElo "1624"]
[PlyCount "97"]
[EventDate "2019.09.14"]
[EventType "swiss (rapid)"]
[EventRounds "9"]
[EventCountry "IND"]
[SourceTitle "EXT 2020"]
[Source "ChessBase"]
[SourceDate "2019.10.17"]
[SourceVersion "1"]
[SourceVersionDate "2019.10.17"]
[SourceQuality "1"]

1. d4 Nf6 2. Nf3 g6 3. c4 Bg7 4. Nc3 0-0 5. g3 d6 6. Bg2 Nc6 7. 0-0 a6 8. Qd3 Rb8 9. d5 Na7 10. e4 c5 11. a4 Qc7 12. Bf4 Bg4 13. e5 Nh5 14. exd6 exd6 15. Bg5 h6 16. Be3 Qd7 17. Rfe1 b5 18. axb5 axb5 19. cxb5 Nxb5 20. Ra6 Nxc3 21. bxc3 Rb3 22. Bd2 Rfb8 23. Rc6 Bf5 24. Qc4 Rb1 25. Bc1 R8b3 26. Bd2 Bf8 27. Ra6 Qb7 28. Ra1 Nf6 29. Raxb1 Rxb1 30. Nh4 Rxe1+ 31. Bxe1 Qb1 32. Qe2 Bd3 33. Qe3 g5 34. Nf3 Nxd5 35. Qd2 Bg7 36. Bf1 c4 37. Bxd3 Qxd3 38. Nd4 Bxd4 39. cxd4 Qxd2 40. Bxd2 Kg7 41. Kf1 Kf6 42. g4 Nf4 43. h4 Ke6 44. h5 Kd5 45. Bxf4 gxf4 46. g5 c3 47. Ke1 Ke6 48. gxh6 Kf6 49. f3 1-0